[Event "Women's Speed Chess Q2"]
[Site "chess.com INT"]
[Date "2021.05.29"]
[Round "7"]
[White "Golubeva, Oksana"]
[Black "Mohota, Nisha"]
[Result "1-0"]
[WhiteTitle "WFM"]
[BlackTitle "IM"]
[WhiteElo "2179"]
[BlackElo "2195"]
[WhiteFideId "4170164"]
[BlackFideId "5004330"]
[EventDate "2021.05.29"]

1. Nf3 d5 2. e3 Nf6 3. c4 e6 4. Nc3 b6 5. Qc2 Bb7 6. b3 Bd6 7. Rg1 a6 8. Bb2
Nbd7 9. O-O-O Qe7 10. Kb1 O-O-O 11. Rc1 Kb8 12. cxd5 exd5 13. Na4 Ng4 14. Nd4
Qg5 15. f4 Qg6 16. Bd3 Qh6 17. h3 Nf2 18. Be2 Nc5 19. b4 Nxa4 20. Qxa4 b5 21.
Qa5 Ne4 22. Nc6+ Kc8 23. Nxd8 Rxd8 24. Rc2 Qg6 25. f5 Qg3 26. f6 gxf6 27. Bg4+
Kb8 28. Bf3 Be5 29. Rgc1 Qg5 30. Bxe4 dxe4 31. Rc5 Rd7 32. Bxe5 fxe5 33. Rxc7
Qd8 34. Rxd7 Qxd7 35. Rc2 Qd6 36. Qa3 Ka7 37. Qc3 Qf6 38. Qc5+ Ka8 39. Kb2 Qe6
40. Qc7 Ka7 41. Rc5 Qf6 42. Qxe5 Qxe5+ 43. Rxe5 Kb6 44. Re7 Bc6 45. Rxf7 h5 46.
Rh7 h4 47. Rxh4 a5 48. bxa5+ Kxa5 49. a3 Ka4 50. Rg4 Bd5 51. h4 b4 52. axb4 Kxb4
53. d3 Kc5 54. dxe4 Be6 55. Rg5+ Kd6 56. e5+ Kd5 57. h5 Ke4 58. h6 Bf5 59. Rxf5
Kxf5 60. h7 Kxe5 61. h8=Q+ Ke4 62. Qe8+ Kd3 63. e4 Ke2 64. e5 Kf2 65. e6 Kxg2
66. e7 Kg3 67. Qf7 Kh2 68. e8=Q Kh3 69. Qeg8 Kh2 70. Qfh7# 1-0

[Event "Women's Speed Chess Q2"]
[Site "chess.com INT"]
[Date "2021.05.29"]
[Round "7"]
[White "Lujan, Carolina"]
[Black "Franco Valencia, Angela"]
[Result "0-1"]
[WhiteTitle "IM"]
[BlackTitle "WIM"]
[WhiteElo "2346"]
[BlackElo "2089"]
[WhiteFideId "109878"]
[BlackFideId "4403070"]
[EventDate "2021.05.29"]

1. e4 e5 2. Nf3 Nc6 3. Bc4 Bc5 4. d3 Nf6 5. O-O d6 6. c3 Bb6 7. Bb3 Be6 8. Bc2
h6 9. Nbd2 O-O 10. h3 d5 11. exd5 Nxd5 12. Re1 Nf4 13. Nc4 Bxc4 14. dxc4 Qxd1
15. Rxd1 Ne2+ 16. Kf1 Nxc1 17. Raxc1 Rad8 18. Be4 f6 19. b4 a6 20. Nh4 Ba7 21.
Ng6 Rxd1+ 22. Rxd1 Rd8 23. Ne7+ Kf7 24. Nxc6 Rxd1+ 25. Ke2 Ra1 26. Nxa7 Rxa2+
27. Ke3 a5 28. c5 Ra3 29. Nb5 Ra1 30. Nxc7 a4 31. Bxb7 a3 32. Bd5+ Ke7 33. Nb5
a2 34. Bxa2 Rxa2 35. c6 Ra6 36. c7 Kd7 37. c4 Ra4 38. Nd6 Kxc7 39. Ne8+ Kd7 40.
Nxg7 Rxb4 41. Nh5 Ke6 42. Ng7+ Kd6 43. Nf5+ Ke6 44. Nxh6 Rxc4 45. Ng4 f5 46. Nh2
Rc3+ 47. Ke2 Ra3 48. g4 f4 49. h4 e4 50. g5 Rh3 51. Ng4 Rxh4 52. f3 e3 53. Nf6
Rh2+ 54. Kd3 Rd2+ 55. Ke4 e2 56. Kxf4 e1=Q 57. Ne4 Qh4+ 58. Ke3 Ra2 59. g6 Ra3+
60. Kd4 Qe1 61. g7 Ra4+ 62. Kd3 Qd1+ 63. Ke3 Rxe4+ 64. fxe4 Qg1+ 65. Kf4 Qxg7
66. e5 Qxe5+ 67. Kg4 Qf5+ 0-1

[Event "Women's Speed Chess Q2"]
[Site "chess.com INT"]
[Date "2021.05.29"]
[Round "7"]
[White "Shuvalova, Polina"]
[Black "Arpita, Mukherjee"]
[Result "0-1"]
[WhiteTitle "IM"]
[BlackTitle "WIM"]
[WhiteElo "2484"]
[BlackElo "2206"]
[WhiteFideId "24171760"]
[BlackFideId "5056403"]
[EventDate "2021.05.29"]

1. e4 c5 2. Nf3 d6 3. d4 cxd4 4. Nxd4 Nf6 5. Nc3 a6 6. a3 g6 7. f3 Bg7 8. Be3
Nc6 9. Qd2 Bd7 10. O-O-O O-O 11. g4 Rc8 12. h4 Nxd4 13. Bxd4 b5 14. h5 Qa5 15.
Kb1 b4 16. Na2 Ba4 17. Nxb4 Qc7 18. Bxa6 Rb8 19. Be2 Rfc8 20. hxg6 Rxb4 21.
gxf7+ Kxf7 22. Qxb4 Bxc2+ 23. Ka1 Bxd1 24. Rxd1 Qc2 25. Qd2 Qb3 26. Bc3 Nxe4 27.
Qf4+ Nf6 28. Rd3 Qc2 29. Qd2 Qa4 30. g5 Nd7 31. Bxg7 Kxg7 32. Rc3 Rxc3 33. Qxc3+
Ne5 34. Qe3 Kf7 35. f4 Ng6 36. Bh5 Qc4 37. Qf2 Qc1+ 38. Ka2 Qc4+ 39. Kb1 Qd3+
40. Ka1 Qf5 41. Bxg6+ hxg6 42. Qd4 Qg4 43. a4 Qe2 44. Ka2 Kf8 45. Ka3 Qe6 46. b3
Qh3 47. Kb4 Qf1 48. a5 Qe1+ 49. Ka4 Qe2 50. Kb4 Qa2 51. Kb5 Qe2+ 52. Kb6 Qd1 53.
b4 Qxd4+ 54. Kb7 Qxf4 55. a6 Qxb4+ 56. Kc6 Qa4+ 57. Kb6 Qxa6+ 58. Kxa6 e5 59.
Kb5 Ke7 60. Kc4 Ke6 61. Kd3 d5 0-1

[Event "Women's Speed Chess Q2"]
[Site "chess.com INT"]
[Date "2021.05.29"]
[Round "7"]
[White "Mkrtchian, Lilit"]
[Black "Antolak, Julia"]
[Result "1-0"]
[WhiteTitle "IM"]
[BlackTitle "WIM"]
[WhiteElo "2388"]
[BlackElo "2306"]
[WhiteFideId "13300601"]
[BlackFideId "1159569"]
[EventDate "2021.05.29"]

1. e4 c5 2. Nc3 e6 3. Nge2 Nf6 4. g3 Be7 5. Bg2 Nc6 6. O-O O-O 7. d4 cxd4 8.
Nxd4 d6 9. Be3 a6 10. Nxc6 bxc6 11. Na4 Rb8 12. c4 Qc7 13. Qc2 Bb7 14. c5 d5 15.
Rfe1 e5 16. Bg5 d4 17. b3 Bc8 18. Nb2 Be6 19. Nd3 h6 20. Bd2 Nd7 21. f4 f6 22.
Rf1 Rb5 23. b4 Rbb8 24. a3 Ra8 25. f5 Bf7 26. Rfb1 Rfb8 27. Bf1 Qa7 28. Nf2 a5
29. Qc1 axb4 30. axb4 Qb7 31. Bc4 Bxc4 32. Qxc4+ Kf8 33. Nd3 Rxa1 34. Rxa1 Qb5
35. Qxb5 Rxb5 36. Ra7 Ke8 37. Rc7 Nb8 38. Ra7 Nd7 39. Kf2 Rb8 40. Ke2 Kd8 41.
Kd1 Kc8 42. Kc2 Rb7 43. Ra6 Kc7 44. Nb2 Nb8 45. Ra4 Bd8 46. Nc4 Be7 47. Kd3 Nd7
48. Ra6 Bxc5 49. Na5 Rxb4 50. Rxc6+ Kd8 51. Bxb4 Bxb4 52. Nb3 Ke7 53. Ra6 Bd6
54. Ra7 Kd8 55. Kc4 h5 56. Kd5 Bb4 57. Ke6 Nc5+ 58. Nxc5 Bxc5 59. Rxg7 Kc8 60.
Rd7 1-0

[Event "Women's Speed Chess Q2"]
[Site "chess.com INT"]
[Date "2021.05.29"]
[Round "7"]
[White "Froewis, Annika"]
[Black "Varshini, V"]
[Result "1/2-1/2"]
[WhiteTitle "WFM"]
[BlackTitle "WGM"]
[WhiteElo "2143"]
[BlackElo "2226"]
[WhiteFideId "1621432"]
[BlackFideId "5091241"]
[EventDate "2021.05.29"]

1. d4 d5 2. Nc3 e6 3. Bf4 Nf6 4. e3 Be7 5. Nf3 O-O 6. Bd3 b6 7. O-O Bb7 8. a3 c5
9. b3 Ne4 10. Bxe4 dxe4 11. Nd2 cxd4 12. Ncxe4 f5 13. Ng3 dxe3 14. fxe3 Bf6 15.
Rb1 e5 16. Bxe5 Bxe5 17. Nxf5 Qg5 18. e4 Nc6 19. Nf3 Qf6 20. Kh1 Kh8 21. Nxe5
Qxe5 22. Qd7 Rab8 23. Nd6 Rxf1+ 24. Rxf1 Qe7 25. Qxe7 Nxe7 26. Rf7 Bxe4 27. Nxe4
Nd5 28. h3 h6 29. Rxa7 Rc8 30. c4 Ne3 31. Nd6 Rf8 32. Rf7 Rd8 33. Ne4 Rd1+ 34.
Kh2 Rd3 35. Rf8+ Kh7 36. Rf3 Rxb3 37. c5 bxc5 38. Nxc5 Rxa3 39. Ne6 Nc4 40. Rf7
Ra6 41. Rxg7+ Kh8 42. Re7 Ne3 43. Re8+ Kh7 44. Nf8+ Kg7 45. Rxe3 Kxf8 46. Rg3
Kf7 47. h4 Rb6 48. Kh3 Ra6 49. Rf3+ Kg7 50. Rd3 Kh7 51. g4 Kg6 52. Rd5 Kg7 53.
g5 Kg6 54. Kg4 hxg5 55. hxg5 Ra4+ 56. Kf3 Rb4 57. Ke3 Rc4 58. Rd6+ Kxg5 59. Rd5+
Kf6 60. Kd3 Rg4 61. Rh5 Rg5 62. Rxg5 Kxg5 1/2-1/2

[Event "Women's Speed Chess Q2"]
[Site "chess.com INT"]
[Date "2021.05.29"]
[Round "7"]
[White "Pourkashiyan, Atousa"]
[Black "Nomin-Erdene, Davaademberel"]
[Result "0-1"]
[WhiteTitle "WGM"]
[BlackTitle "IM"]
[WhiteElo "2322"]
[BlackElo "2382"]
[WhiteFideId "12502014"]
[BlackFideId "4900782"]
[EventDate "2021.05.29"]

1. e4 c6 2. d4 d5 3. Nd2 dxe4 4. Nxe4 Bf5 5. Ng3 Bg6 6. h4 h6 7. Nf3 Nd7 8. h5
Bh7 9. Bd3 Bxd3 10. Qxd3 e6 11. Bd2 Ngf6 12. O-O-O Be7 13. Kb1 O-O 14. Nf1 c5
15. g4 Nxg4 16. Qe2 Qb6 17. Rg1 f5 18. Ne3 cxd4 19. Nxg4 fxg4 20. Rxg4 Kh8 21.
Nxd4 Bf6 22. Bc1 Nc5 23. Nf3 Rad8 24. Re1 Rd5 25. a3 Rxh5 26. Nd2 Rf5 27. Nc4
Qb5 28. Nd6 Qxe2 29. Rxe2 Rd5 30. Nc4 Rd1 31. Ne3 Rh1 32. f4 Na4 33. Reg2 Bxb2
34. Rg1 Rxg1 35. Rxg1 Bxc1 36. Kxc1 Rxf4 37. Ng4 Nc5 38. Ne5 Kh7 39. Rd1 Rf5 40.
Nc4 Rf7 41. Rd8 b6 42. Ra8 g5 43. Ne5 Rc7 44. Kd2 Kg7 45. Ke3 Kf6 46. Ng4+ Kg6
47. Ne5+ Kf5 48. Nf3 Nd7 49. Rh8 Nf6 50. Nd4+ Kg6 51. Nxe6 Re7 52. Kd4 Rxe6 53.
Ra8 Rd6+ 54. Ke5 Rd7 55. c4 h5 56. Ke6 g4 57. Rf8 Rc7 58. Rxf6+ Kg5 59. Rf1 h4
60. Rc1 g3 61. Kd6 Rc5 62. Rd1 g2 63. Kd7 h3 64. Ke6 h2 65. Rd8 g1=Q 66. Rg8+
Kf4 67. Rf8+ Ke4 68. Kd7 Qg7+ 69. Rf7 Qxf7+ 70. Kd6 Qc7+ 71. Ke6 Re5+ 72. Kf6
Qd6+ 73. Kf7 Re7+ 0-1

[Event "Women's Speed Chess Q2"]
[Site "chess.com INT"]
[Date "2021.05.29"]
[Round "7"]
[White "Purtseladze, Maka"]
[Black "Fernandez, Maria Florencia"]
[Result "1-0"]
[WhiteTitle "IM"]
[BlackTitle "WIM"]
[WhiteElo "2274"]
[BlackElo "2229"]
[WhiteFideId "13602659"]
[BlackFideId "116459"]
[EventDate "2021.05.29"]

1. b3 e5 2. Bb2 d6 3. e3 Nf6 4. d4 exd4 5. exd4 g6 6. Nf3 Bg7 7. Qe2+ Qe7 8.
Qxe7+ Kxe7 9. Bd3 Re8 10. O-O Kf8 11. c4 Nc6 12. Nc3 Bg4 13. Nb5 Re7 14. Nd2 a6
15. Na3 Be2 16. Bxe2 Rxe2 17. Rad1 Ne4 18. Nab1 Nxd2 19. Rxd2 Rxd2 20. Nxd2 Nxd4
21. Bxd4 Bxd4 22. Nf3 Bc3 23. Rc1 Bb4 24. Kf1 Re8 25. g3 Kg7 26. Ng1 f5 27. Ne2
Kf6 28. Nf4 c6 29. Rd1 g5 30. Nd3 Ba5 31. b4 Bc7 32. a4 Re4 33. Nb2 d5 34. cxd5
Rxb4 35. d6 Bd8 36. Nd3 Rxa4 37. Nc5 Rb4 38. Re1 b6 39. Nb7 Rd4 40. Re8 a5 41.
Rxd8 a4 42. d7 Kg7 43. Ra8 Rxd7 44. Nd8 b5 45. Nxc6 Rb7 46. Nb4 Kf6 47. Ke2 Ke5
48. Kd3 f4 49. Re8+ Kf5 50. f3 fxg3 51. hxg3 Kg6 52. Rg8+ Kf7 53. Rd8 Kg6 54.
Rd6+ Kg7 55. g4 h6 56. Ra6 Rd7+ 57. Ke4 Re7+ 58. Kd4 Rf7 59. Nd5 Rxf3 60. Ra7+
Kf8 61. Ke5 a3 62. Ke6 Kg8 63. Ra8+ Kh7 64. Ra7+ Kg8 65. Nf6+ Kf8 66. Ra8+ Kg7
67. Rg8# 1-0

[Event "Women's Speed Chess Q2"]
[Site "chess.com INT"]
[Date "2021.05.29"]
[Round "7"]
[White "Nguyen, Thi Thanh An"]
[Black "Antova, Gabriela"]
[Result "0-1"]
[WhiteTitle "WGM"]
[BlackTitle "FM"]
[WhiteElo "2259"]
[BlackElo "2250"]
[WhiteFideId "12400300"]
[BlackFideId "2915235"]
[EventDate "2021.05.29"]

1. d4 d5 2. Bf4 Nf6 3. e3 c5 4. c3 Nc6 5. Nd2 e6 6. Ngf3 cxd4 7. exd4 Nh5 8. Be3
Bd6 9. Bd3 Nf4 10. Bxf4 Bxf4 11. g3 Bc7 12. Qe2 Qf6 13. O-O O-O 14. Rae1 Qh6 15.
Rd1 f6 16. Rfe1 Bd7 17. Nb3 b6 18. Qd2 Qh5 19. Qe3 Kh8 20. Be2 Qf7 21. Bf1 Rae8
22. Qd3 Ne7 23. Nbd2 Ng6 24. Nb3 Bc6 25. Bg2 e5 26. Nfd2 e4 27. Qe2 f5 28. Nf1
f4 29. Qh5 f3 30. Bh3 Qf6 31. Ne3 Qf7 32. Bg4 Bd7 33. Bxd7 Qxd7 34. Qxd5 Qh3 35.
Qc4 Bb8 36. Qf1 Qh5 37. c4 Nf4 38. d5 Nh3+ 39. Kh1 Ng5 40. c5 Nf7 41. d6 bxc5
42. Rd5 Qh6 43. d7 Rd8 44. Nxc5 Ne5 45. Red1 a5 46. Nxe4 Qg6 47. Nc5 Nf7 48. Nb7
Nh6 49. Nxd8 Rxd8 50. Qd3 Ba7 51. Qxg6 hxg6 52. Rxa5 Bxe3 53. fxe3 Ng4 54. Kg1
f2+ 55. Kf1 Nxe3+ 56. Kxf2 Nxd1+ 57. Ke1 Nxb2 58. Rb5 Nd3+ 59. Ke2 Rxd7 60. a4
Kh7 0-1

[Event "Women's Speed Chess Q2"]
[Site "chess.com INT"]
[Date "2021.05.29"]
[Round "8"]
[White "Perez Rodriguez, Jennifer"]
[Black "Borisova, Ekaterina"]
[Result "1-0"]
[WhiteTitle "WIM"]
[BlackTitle "FM"]
[WhiteElo "2251"]
[BlackElo "2268"]
[WhiteFideId "3507831"]
[BlackFideId "34124184"]
[EventDate "2021.05.29"]

1. e4 e5 2. Nf3 Nc6 3. Bc4 Nf6 4. d4 exd4 5. e5 d5 6. Bb5 Nd7 7. Bf4 Be7 8. O-O
O-O 9. Bxc6 bxc6 10. Nxd4 Nb8 11. Nd2 c5 12. Ne2 Bb7 13. Ng3 Re8 14. Qg4 Bf8 15.
Rfe1 Bc8 16. Qf3 Nc6 17. Rad1 Nd4 18. Qc3 Bg4 19. f3 Be6 20. Nb3 Nxb3 21. axb3
Qb8 22. Qd3 g6 23. Be3 Qb4 24. f4 d4 25. Bd2 Bg4 26. Bxb4 1-0

[Event "Women's Speed Chess Q2"]
[Site "chess.com INT"]
[Date "2021.05.29"]
[Round "8"]
[White "Bommini, Mounika Akshaya"]
[Black "Froewis, Annika"]
[Result "1-0"]
[WhiteTitle "WFM"]
[BlackTitle "WFM"]
[WhiteElo "2029"]
[BlackElo "2143"]
[WhiteFideId "25019872"]
[BlackFideId "1621432"]
[EventDate "2021.05.29"]

1. d4 e6 2. c4 d5 3. Nc3 Nf6 4. cxd5 exd5 5. Bg5 Be7 6. e3 c6 7. Bd3 Nbd7 8.
Nge2 Nh5 9. Bxe7 Qxe7 10. O-O g6 11. e4 dxe4 12. Nxe4 O-O 13. Re1 Nb6 14. Qd2
Be6 15. Qh6 Rad8 16. Ng5 Nf6 17. Ng3 Rxd4 18. Nh5 Nbd5 19. Qg7# 1-0

[Event "Women's Speed Chess Q2"]
[Site "chess.com INT"]
[Date "2021.05.29"]
[Round "8"]
[White "Selkirk, Rebecca"]
[Black "Varney, Zoe"]
[Result "0-1"]
[WhiteTitle "WCM"]
[BlackTitle "WCM"]
[WhiteElo "1799"]
[BlackElo "1917"]
[WhiteFideId "14306514"]
[BlackFideId "436135"]
[EventDate "2021.05.29"]

1. e4 e5 2. Nf3 Nc6 3. Bb5 a6 4. Ba4 Nf6 5. Qe2 d6 6. c3 Be7 7. O-O O-O 8. Rd1
b5 9. Bc2 Bb7 10. d3 Na5 11. Bg5 c5 12. Nbd2 Nc6 13. Nf1 h6 14. Bh4 Re8 15. Ne3
d5 16. Nf5 g5 17. Nxh6+ Kh7 18. Nxg5+ Kg7 19. Nhxf7 Qd7 20. exd5 Nxd5 21. Qh5
Bxg5 22. Nxg5 Rh8 23. Qf3 Rxh4 24. Qg3 Rg4 0-1

[Event "Women's Speed Chess Q2"]
[Site "chess.com INT"]
[Date "2021.05.29"]
[Round "8"]
[White "Nurmanova, Alua"]
[Black "Frayna, Janelle Mae"]
[Result "1-0"]
[WhiteTitle "WFM"]
[BlackTitle "WGM"]
[WhiteElo "2008"]
[BlackElo "2179"]
[WhiteFideId "13729390"]
[BlackFideId "5212499"]
[EventDate "2021.05.29"]

1. e4 e5 2. Nf3 Nc6 3. Bb5 a6 4. Ba4 Nf6 5. O-O Nxe4 6. d4 Be7 7. Re1 b5 8. Bb3
d5 9. dxe5 Be6 10. Be3 O-O 11. c3 Na5 12. Nbd2 Nxd2 13. Qxd2 c5 14. Rad1 Nc4 15.
Qc1 Rc8 16. Bc2 Bg4 17. Be4 Be6 18. Bg5 Nb6 19. Bb1 Bxg5 20. Nxg5 h6 21. Nh7 Re8
22. Nf6+ gxf6 23. Qxh6 f5 24. Re3 1-0

[Event "Women's Speed Chess Q2"]
[Site "chess.com INT"]
[Date "2021.05.29"]
[Round "8"]
[White "Vine, Elzbieta"]
[Black "Frattini, Beatriz Maria"]
[Result "0-1"]
[WhiteTitle "WFM"]
[BlackTitle "WCM"]
[WhiteElo "2138"]
[BlackElo "1854"]
[WhiteFideId "1119320"]
[BlackFideId "22715002"]
[EventDate "2021.05.29"]

1. e4 c5 2. Nc3 d6 3. f4 g6 4. Nf3 Bg7 5. Bc4 Nf6 6. O-O O-O 7. f5 gxf5 8. d3
fxe4 9. dxe4 Nc6 10. Nd5 Nxe4 11. Ng5 Bd4+ 12. Kh1 Nxg5 0-1

[Event "Women's Speed Chess Q2"]
[Site "chess.com INT"]
[Date "2021.05.29"]
[Round "8"]
[White "Vargas, Gabriela"]
[Black "Kiolbasa, Oliwia"]
[Result "1/2-1/2"]
[WhiteTitle "WIM"]
[BlackTitle "WIM"]
[WhiteElo "2170"]
[BlackElo "2255"]
[WhiteFideId "3700860"]
[BlackFideId "1154613"]
[EventDate "2021.05.29"]

1. d4 Nf6 2. Nf3 b6 3. Bg5 Bb7 4. Nbd2 d5 5. e3 Nbd7 6. Bd3 h6 7. Bh4 e6 8. O-O
Bd6 9. Qe2 c5 10. c3 O-O 11. e4 dxe4 12. Nxe4 Be7 13. Bxf6 Nxf6 14. dxc5 Nxe4
15. Bxe4 Bxe4 16. Qxe4 Bxc5 17. Rfd1 Qc7 18. Rd3 Rad8 19. Rad1 Be7 20. Ne5 Rxd3
21. Rxd3 Rd8 22. Nc6 Rxd3 23. Nxe7+ Qxe7 24. Qxd3 g6 25. f3 h5 26. Qd4 Qc7 27.
c4 Qc6 28. b4 Qa4 29. Qd2 a5 30. bxa5 Qxc4 31. axb6 Qc5+ 32. Qf2 Qc1+ 33. Qf1
Qc5+ 34. Qf2 Qc1+ 35. Qf1 Qc5+ 36. Qf2 1/2-1/2

[Event "Women's Speed Chess Q2"]
[Site "chess.com INT"]
[Date "2021.05.29"]
[Round "8"]
[White "Mordido, Kylen Joy"]
[Black "Nguyen, Thi Thanh An"]
[Result "0-1"]
[WhiteTitle "WIM"]
[BlackTitle "WGM"]
[WhiteElo "2014"]
[BlackElo "2259"]
[WhiteFideId "5219086"]
[BlackFideId "12400300"]
[EventDate "2021.05.29"]

1. c4 Nf6 2. Nc3 g6 3. e4 Bg7 4. d4 d6 5. f3 O-O 6. Bg5 Nc6 7. Nge2 a6 8. Qd2 e5
9. d5 Na5 10. Ng3 c5 11. h4 b5 12. cxb5 axb5 13. Bxb5 Ba6 14. O-O Bxb5 15. Nxb5
Qb6 16. Na3 Rfb8 17. b3 Qa6 18. f4 Ng4 19. f5 h5 20. fxg6 fxg6 21. Ne2 Rf8 22.
Rxf8+ Rxf8 23. Nc2 Qa7 24. Rf1 Rxf1+ 25. Kxf1 c4 26. b4 Qf2# 0-1

[Event "Women's Speed Chess Q2"]
[Site "chess.com INT"]
[Date "2021.05.29"]
[Round "8"]
[White "Tarasova, Viktoriya"]
[Black "Pourkashiyan, Atousa"]
[Result "0-1"]
[WhiteTitle "WIM"]
[BlackTitle "WGM"]
[WhiteElo "2226"]
[BlackElo "2322"]
[WhiteFideId "4175840"]
[BlackFideId "12502014"]
[EventDate "2021.05.29"]

1. d4 Nf6 2. c4 e6 3. Nc3 d5 4. cxd5 exd5 5. Bg5 Be7 6. Qc2 c6 7. e3 O-O 8. Bd3
Nbd7 9. Nge2 Re8 10. O-O Nf8 11. h3 Nh5 12. Bxe7 Qxe7 13. Rab1 Qg5 14. Kh2 Ng6
15. Ng1 Nh4 16. g3 Ng6 17. Nce2 Nf6 18. Nf4 Qh6 19. Kg2 Ne4 20. Nxg6 hxg6 21. f3
Nf6 22. Rbe1 Rxe3 23. Rxe3 Qxe3 24. Rf2 Qxd4 25. Ne2 Qb6 26. Nf4 Bd7 27. Re2 Re8
28. Rxe8+ Bxe8 29. h4 c5 30. h5 c4 31. Be2 gxh5 32. Qf5 Qxb2 0-1

[Event "Women's Speed Chess Q2"]
[Site "chess.com INT"]
[Date "2021.05.29"]
[Round "8"]
[White "Berend, Elvira"]
[Black "Arakhamia-Grant, Ketevan"]
[Result "1-0"]
[WhiteTitle "WGM"]
[BlackTitle "GM"]
[WhiteElo "2326"]
[BlackElo "2380"]
[WhiteFideId "4000510"]
[BlackFideId "13600168"]
[EventDate "2021.05.29"]

1. e4 c5 2. Nf3 Nc6 3. c3 d5 4. exd5 Qxd5 5. d4 Nf6 6. Be2 e6 7. O-O Be7 8. Be3
cxd4 9. cxd4 O-O 10. Nc3 Qa5 11. Qb3 Rd8 12. Rfd1 Qb4 13. Qc2 a6 14. a3 Qd6 15.
Ng5 h6 16. Nge4 Nxe4 17. Nxe4 Qc7 18. Rac1 Bd7 19. Bf3 Rac8 20. Nc5 Be8 21. g3
Qb8 22. Qe4 Bf6 23. b4 b6 24. Nxa6 Qa7 25. b5 Nxd4 26. Bxd4 Rxc1 27. Rxc1 Rxd4
28. Qe3 Qd7 29. Bc6 Qd8 30. Nb4 Rd1+ 31. Rxd1 Qxd1+ 32. Kg2 1-0

[Event "Women's Speed Chess Q2"]
[Site "chess.com INT"]
[Date "2021.05.29"]
[Round "8"]
[White "Kiran, Manisha Mohanty"]
[Black "Sviridova, Vlada"]
[Result "0-1"]
[WhiteTitle "WGM"]
[BlackTitle "WFM"]
[WhiteElo "2168"]
[BlackElo "2144"]
[WhiteFideId "5019575"]
[BlackFideId "24109606"]
[EventDate "2021.05.29"]

1. e4 e6 2. d4 d5 3. Nc3 Bb4 4. a3 Bxc3+ 5. bxc3 dxe4 6. Qg4 Nf6 7. Qxg7 Rg8 8.
Qh6 c5 9. Ne2 Nc6 10. dxc5 Ne5 11. h3 Bd7 12. Qf4 Nc6 13. Nd4 Nxd4 14. cxd4 Bc6
15. Be3 Nd5 16. Qd6 Qa5+ 17. Bd2 Qa4 18. c4 Rd8 19. Qe5 Ne7 20. Be2 Ng6 21. Qf6
Qc2 22. Be3 Qb2 23. O-O Qxe2 24. Rac1 Ne7 25. Qh4 Nf5 26. Qxh7 Rg7 27. Qh5 Qxh5
28. Kh2 Qg6 29. Rg1 Nxe3 30. fxe3 Qg3+ 31. Kh1 Rh7 32. Rc2 Ke7 33. Re2 Rdh8 34.
Rf1 Rxh3+ 35. gxh3 Rxh3+ 0-1

[Event "Women's Speed Chess Q2"]
[Site "chess.com INT"]
[Date "2021.05.29"]
[Round "8"]
[White "Osmak, Iulija"]
[Black "Franco Valencia, Angela"]
[Result "1-0"]
[WhiteTitle "IM"]
[BlackTitle "WIM"]
[WhiteElo "2425"]
[BlackElo "2089"]
[WhiteFideId "14101602"]
[BlackFideId "4403070"]
[EventDate "2021.05.29"]

1. e4 e5 2. Nf3 Nc6 3. Bb5 a6 4. Ba4 d6 5. d4 b5 6. Bb3 Nxd4 7. Nxd4 exd4 8. c3
d3 9. Qxd3 Nf6 10. O-O Be7 11. Bf4 O-O 12. Nd2 Bb7 13. a4 Qd7 14. f3 Rfe8 15.
Kh1 c5 16. Qe2 c4 17. Bc2 Bf8 18. Qf2 Qe6 19. Bg5 h6 20. Bh4 Nd7 21. Rfe1 Ne5
22. Nf1 g5 23. Bg3 Bg7 24. Ne3 Rad8 25. Nf5 Bf8 26. axb5 axb5 27. Qb6 Rd7 28.
Nd4 Qf6 29. Qxb5 Rc7 30. Qxe8 g4 31. Bxe5 dxe5 32. Nf5 gxf3 33. gxf3 Rc8 34.
Rg1+ Kh7 35. Qd7 Ba6 36. Rxa6 Qxa6 37. Qxf7+ Kh8 38. Rg8# 1-0

[Event "Women's Speed Chess Q2"]
[Site "chess.com INT"]
[Date "2021.05.29"]
[Round "8"]
[White "Kairbekova, Amina"]
[Black "Purtseladze, Maka"]
[Result "0-1"]
[WhiteTitle "WFM"]
[BlackTitle "IM"]
[WhiteElo "2132"]
[BlackElo "2274"]
[WhiteFideId "13712799"]
[BlackFideId "13602659"]
[EventDate "2021.05.29"]

1. e4 e6 2. d4 d5 3. Nc3 Nf6 4. e5 Nfd7 5. f4 b6 6. Nf3 Ba6 7. Nb5 c6 8. Nc3
Bxf1 9. Rxf1 c5 10. Be3 Nc6 11. Kf2 cxd4 12. Nxd4 Nxd4 13. Bxd4 Bc5 14. Ne2
Bxd4+ 15. Nxd4 Nc5 16. c3 g6 17. Qf3 a6 18. Rad1 b5 19. g4 Qh4+ 20. Kg2 h5 21.
g5 Qg4+ 22. Qxg4 hxg4 23. Nc2 Rh3 24. Rfe1 Nd3 25. Rf1 Nxb2 26. Rd4 Rxc3 27. Rf2
Rac8 28. Nb4 Nc4 29. Re2 Ne3+ 30. Kf2 Nf5 31. Rd1 a5 32. Nd3 R8c4 33. Kg2 Rd4
34. Rdd2 Rdxd3 0-1

[Event "Women's Speed Chess Q2"]
[Site "chess.com INT"]
[Date "2021.05.29"]
[Round "8"]
[White "Morris-Suzuki, Sophie"]
[Black "Agrest, Inna"]
[Result "1-0"]
[WhiteTitle "WFM"]
[BlackTitle "WIM"]
[WhiteElo "2043"]
[BlackElo "2285"]
[WhiteFideId "30922615"]
[BlackFideId "1708830"]
[EventDate "2021.05.29"]

1. e4 e5 2. Nf3 Nc6 3. Bc4 Nf6 4. d4 exd4 5. e5 d5 6. Bb5 Ne4 7. Nxd4 Bc5 8. O-O
O-O 9. Bxc6 bxc6 10. Be3 Bd7 11. f3 Ng5 12. f4 Ne4 13. Nd2 Nxd2 14. Qxd2 Qe7 15.
Nb3 Bb6 16. Qc3 f6 17. Nc5 fxe5 18. fxe5 Rad8 19. a4 a5 20. Kh1 Bf5 21. Bd4 Qg5
22. e6 Bxc5 23. Bxc5 Be4 24. Qg3 Qxg3 25. hxg3 Rf6 26. e7 Re8 27. g4 Bxc2 28. g5
Rf5 29. Rxf5 Bxf5 30. Rf1 g6 31. g4 Bd7 32. Rf8+ Kg7 33. Bd4# 1-0

[Event "Women's Speed Chess Q2"]
[Site "chess.com INT"]
[Date "2021.05.29"]
[Round "8"]
[White "Mrudul, Dehankar"]
[Black "Gu, Xiaobing"]
[Result "0-1"]
[WhiteTitle "WIM"]
[BlackTitle "WGM"]
[WhiteElo "2256"]
[BlackElo "2263"]
[WhiteFideId "25096990"]
[BlackFideId "8602611"]
[EventDate "2021.05.29"]

1. e4 c5 2. Nf3 d6 3. d4 cxd4 4. Nxd4 Nf6 5. Nc3 a6 6. Bg5 e6 7. f4 b5 8. e5
dxe5 9. fxe5 Qc7 10. exf6 Qe5+ 11. Be2 Qxg5 12. O-O Qe5 13. Qd3 Bc5 14. Rad1 Nc6
15. Bf3 Nxd4 16. Kh1 Ra7 17. fxg7 Qxg7 18. Ne4 Bb6 19. c3 Rd7 20. cxd4 O-O 21.
Qe2 Bxd4 22. b3 Rdd8 23. Rd3 e5 24. Bh5 f5 25. Rg3 fxe4 26. Rxg7+ Kxg7 27. Rxf8
Rxf8 28. h3 e3 29. Bf3 Bf5 30. Bd5 Rc8 31. Qf3 Bg6 32. Kh2 Rc2 33. Be6 e2 34.
Qg3 Rc1 0-1